| 000 | nam a22 a 4500 | ||
|---|---|---|---|
| 999 |
_c349 _d349 |
||
| 005 | 20170503121829.0 | ||
| 008 | 170503b1990 -cn||||| |||| 00| 0 eng d | ||
| 020 |
_a0471519286 (pbk) : _c£32.15 |
||
| 040 | _aAKMAL | ||
| 082 | _a005.265 COO | ||
| 090 |
_a005.265 _b COO |
||
| 100 | 1 |
_aCooper, James William, _d1943- _9790 |
|
| 245 | 1 | 0 |
_aWriting scientific programs under the OS/2 presentation manager / _cJames W. Cooper. |
| 260 |
_aNew York, N.Y. ; _aChichester : _bWiley, _cc1990. |
||
| 300 |
_axxi,403p. : _bill. ; _c24cm |
||
| 500 | _aIncludes index. | ||
| 650 | 0 |
_aIBM microcomputers _xProgramming. _9791 |
|
| 942 |
_2ddc _cBOOK |
||